vufinder Bibliothèque Municipale de Charleval de Provence
Se connecter

Avenue des géants

Book Cover
Auteur principal: Marc Dugain
Support: Livres
Langue: Francais
Genre: Roman (gros caractères)
Sujets:
Étiquettes: Ajouter
Pas de Tags !

LEADER 00774nam0a2200181 450
001 16847705
010 |a 978-2-36360-129-2  |b br.  |d 23 € 
100 |a 20130123d2013 u u0frey01 ba 
101 0 |a fre 
102 |a FR 
200 0 |a Avenue des géants  |f Marc Dugain 
207 1 |a   
215 |a 460 p.  |d 25 x 16 cm 
330 |a M. Dugain évoque la destinée d'un tueur en série américain qui a défrayé la chronique entre le milieu des années 1960 et la fin des années 1970. Edmund Kemper, ici appelé Al Kenner, élimine des femmes qu'il associe à sa mère. 
700 0 |a Dugain  |b Marc  |f 1957-....  |4 70 
900 |a Roman (gros caractères) 
901 |a Accessible au prêt 
995 |a Bibliothèque  |c Bibliothèque  |f 00156009365586  |h 00156009365586  |k R DUG  |o p  |q a  |r az  |e Bibliothèque 

Options de recherche

Historique de recherche
Recherche avancée

Trouver plus

Nouveautés

Besoin d'aide ?

Contacter un bibliothécaire